Pengurusan strategik

Bibliographic Details
Main Author: Zainal Abidin Mohamed
Format: Book
Published: Kuala Lumpur : Utusan Publications & Distributors , 2007
Subjects:

MARC

LEADER 00000cam a2200000 7i4500
001 0000019930
005 20080620.0
008 080620
020 |a 9676119962 
090 0 0 |a 658.4012   |b ZAI 
100 1 |a Zainal Abidin Mohamed 
245 1 0 |a Pengurusan strategik   |c Zainal Abidin Mohamed 
260 |a Kuala Lumpur :   |b Utusan Publications & Distributors ,   |c 2007 
650 0 |a Planning 
650 0 |a Strategic planning 
999 |a 0001025987   |b Book   |c Adult Collection   |e Perbadanan Perpustakaan Awam Johor 
999 |a 0001025996   |b Book   |c Adult Collection   |e Perbadanan Perpustakaan Awam Johor 
999 |a 0001025997   |b Book   |c Adult Collection   |e Perbadanan Perpustakaan Awam Johor 
999 |a 0001025998   |b Book   |c Adult Collection   |e Perbadanan Perpustakaan Awam Johor 
999 |a 0001025999   |b Book   |c Adult Collection   |e Perbadanan Perpustakaan Awam Johor